Case news (Record no. 75866)

MARC details
000 -LEADER
fixed length control field 01070cab a2200205 4500
001 - CONTROL NUMBER
control field L130888
008 - FIXED-LENGTH DATA ELEMENTS--GENERAL INFORMATION
fixed length control field 050912n2005 000 0 eng u
035 ## - SYSTEM CONTROL NUMBER
System control number (Sirsi) u130888
041 0# - LANGUAGE CODE
Language code of text/sound track or separate title eng
100 1# - MAIN ENTRY--PERSONAL NAME
Personal name Gordon, Warren
245 00 - TITLE STATEMENT
Title Case news
Remainder of title Bryen and Langley v Boston
260 ## - PUBLICATION, DISTRIBUTION, ETC.
Date of publication, distribution, etc. 2005
490 #0 - SERIES STATEMENT
Series statement Property Week
Volume/sequential designation 70(35) 2 September 2005, 71(1)
520 ## - SUMMARY, ETC.
Summary, etc. Discusses the case "Bryen and Langley Limited v Martin Boston" (L130784) which showed that even though a formal JCT building contract had not been signed, the dealings between the parties showed that they were contractually committed on the basis of the JCT contract and consequently the adjudicator did have jurisdiction to make an award in their dispute.
590 ## - LOCAL NOTE (RLIN)
Local note IKA130905
650 24 - SUBJECT ADDED ENTRY--TOPICAL TERM
Topical term or geographic name entry element BRYEN AND LANGLEY LTD V BOSTON
650 24 - SUBJECT ADDED ENTRY--TOPICAL TERM
Topical term or geographic name entry element UNFAIR TERMS IN CONSUMER CONTRACTS REGULATIONS 1999
690 ## - LOCAL SUBJECT ADDED ENTRY--TOPICAL TERM (OCLC, RLIN)
Topical term or geographic name as entry element MANAGEMENT-DISPUTE AVOIDANCE, MANAGEMENT AND RESOLUTION-DISPUTE MANAGEMENT AND RESOLUTION-ALTERNATIVE DISPUTE RESOLUTION-ADJUDICATION-ADJUDICATORS-ADJUDICATORS' JURISDICTION
942 ## - ADDED ENTRY ELEMENTS (KOHA)
Suppress in OPAC 0
Holdings
Withdrawn status Lost status Source of classification or shelving scheme Damaged status Not for loan Home library Current library Shelving location Date acquired Total Checkouts Full call number Barcode Date last seen Copy number Price effective from Koha item type
    Dewey Decimal Classification     London London Journal article 12/09/2005   L130888 130888-1001 06/08/2019 1 06/08/2019 Journal article